Spell the Marvel Character #138 - Statistics

General Stats
  • This quiz has been taken 15 times
  • The average score is 6 of 8
Answer Stats
Picture Answer % Correct
Luke Cage
92%
Agent Venom
85%
Echo
85%
Red She-Hulk
77%
Tigra
77%
Elektra
69%
Elsa Bloodstone
69%
Kingo
69%
No matching quizzes found
Score Distribution
Percent of People with Each Score
Percentile by Number Answered
Your Score History
You have not taken this quiz